000 00659nam a2200217 a 4500
001 2860
005 20140414132043.0
008 051022s19uu xx 00 eng d
020 _a0-02-831081-0
050 _aTR 372.4
_bB35 L.2(RWW)
100 _aBereiter, Carl
245 _aReading and writing workbook (green), L.2 /
_cCarl Bereiter ...(et al.).
250 _aBlackline Masters.
260 _aColumbus, Ohio :
_bSRA/McGraw-Hill,
_c2000.
300 _a218 p. ; cm.
440 _aSRA Open Court Reading, Green.
526 _cGrade 2
650 _aReading
_xStudy and teaching.
650 _aEnglish language
_xStudy and teaching.
999 _c113911
_d113911